[Event "Barcelona Sant Marti op-B 23rd"]
[Site "Barcelona"]
[Date "2023.07.16"]
[Round "4"]
[White "Sanchez Viana, Jordi"]
[Black "Rull Monclus, Arnau"]
[Result "1/2-1/2"]
[WhiteElo "1464"]
[BlackElo "1458"]
[PlyCount "41"]
[EventDate "2023.07.13"]
[EventType "swiss"]
[EventRounds "9"]
[EventCountry "ESP"]
[SourceTitle "CBM 215 Extra"]
[Source "ChessBase"]
[SourceDate "2023.09.30"]
[SourceVersion "1"]
[SourceVersionDate "2023.09.30"]
[SourceQuality "1"]

1. e4 e5 2. Nf3 Nc6 3. d4 exd4 4. Bc4 Qf6 5. 0-0 h6 6. e5 Qg6 7. Bf4 d6 8. Nh4 Qe4 9. Bg3 Be6 10. Re1 Qg4 11. Bxe6 Qxd1 12. Bxf7+ Kxf7 13. Rxd1 dxe5 14. Nd2 Nf6 15. Nc4 Bd6 16. Nf5 Rad8 17. c3 g6 18. Nfxd6+ cxd6 19. cxd4 Ke6 20. dxe5 dxe5 21. Re1 1/2-1/2

[Event "Barcelona Sant Marti op-B 22nd"]
[Site "Barcelona"]
[Date "2022.07.18"]
[Round "6"]
[White "Sanchez Viana, Jordi"]
[Black "Romero Funieles, Rafael de Jesus"]
[Result "0-1"]
[WhiteElo "1524"]
[BlackElo "1608"]
[PlyCount "48"]
[EventDate "2022.07.13"]
[EventType "swiss"]
[EventRounds "9"]
[EventCountry "ESP"]
[SourceTitle "CBM 210 Extra"]
[Source "ChessBase"]
[SourceDate "2022.11.30"]
[SourceVersion "1"]
[SourceVersionDate "2022.11.30"]
[SourceQuality "1"]

1. e4 e6 2. d4 Nf6 3. Bd3 Be7 4. Nf3 h6 5. 0-0 a6 6. c4 d6 7. Nc3 Nc6 8. a3 e5 9. Bc2 Bg4 10. d5 Nd4 11. Ba4+ Nd7 12. Be3 Nxf3+ 13. gxf3 Bh5 14. Kh1 0-0 15. Rg1 Kh7 16. Rg3 Rg8 17. Bc2 Qc8 18. Qf1 c6 19. Qg2 b5 20. Rg1 g6 21. dxc6 Qxc6 22. Rh3 Qxc4 23. Bxh6 Kxh6 24. Rxh5+ gxh5 0-1

[Event "Barcelona Primavera CE op"]
[Site "Barcelona"]
[Date "2021.05.01"]
[Round "2"]
[White "Valencia Jimenez, Jose"]
[Black "Sanchez Viana, Jordi"]
[Result "1-0"]
[WhiteElo "2020"]
[BlackElo "1566"]
[PlyCount "63"]
[EventDate "2021.04.24"]
[EventType "swiss"]
[EventRounds "9"]
[EventCountry "ESP"]
[SourceTitle "EXT 2022"]
[Source "ChessBase"]
[SourceDate "2021.10.06"]
[SourceVersion "1"]
[SourceVersionDate "2021.10.06"]
[SourceQuality "1"]

1. c4 e5 2. Nc3 Nf6 3. g3 c6 4. d4 exd4 5. Qxd4 Be7 6. e4 d6 7. Bg2 0-0 8. Nge2 Nbd7 9. Bf4 Qb6 10. Rd1 Qxd4 11. Nxd4 Ne5 12. b3 Bg4 13. f3 Bd7 14. 0-0 Rad8 15. g4 h6 16. h3 Nh7 17. Rfe1 Bh4 18. Rf1 Bc8 19. Be3 Be7 20. f4 Ng6 21. Rd2 Nh4 22. Bh1 h5 23. Nf5 Bxf5 24. exf5 hxg4 25. hxg4 Nf6 26. g5 Ng4 27. Bxa7 Ra8 28. Bd4 Nxf5 29. Bf3 Nge3 30. Bxe3 Nxe3 31. Re1 Nf5 32. Bg4 1-0

[Event "Barcelona Amateurs 04"]
[Site "Barcelona"]
[Date "2021.04.13"]
[Round "9"]
[White "Sanchez Viana, Jordi"]
[Black "Valbuena Castro, Gregorio"]
[Result "1/2-1/2"]
[WhiteElo "1566"]
[BlackElo "1534"]
[PlyCount "70"]
[EventDate "2021.04.05"]
[EventType "tourn"]
[EventRounds "9"]
[EventCountry "ESP"]
[SourceTitle "EXT 2022"]
[Source "ChessBase"]
[SourceDate "2021.10.06"]
[SourceVersion "1"]
[SourceVersionDate "2021.10.06"]
[SourceQuality "1"]

1. e4 e5 2. Nf3 Nf6 3. Nxe5 d6 4. Nf3 Nxe4 5. d3 Nf6 6. Be2 d5 7. 0-0 Bd6 8. Nc3 Nc6 9. Bg5 Be6 10. Nb5 Be7 11. Bf4 Bd6 12. Nxd6+ cxd6 13. Re1 0-0 14. h3 d4 15. Bf1 Qd7 16. Ng5 Bd5 17. Ne4 Nxe4 18. dxe4 Be6 19. Bb5 a6 20. Bxc6 Qxc6 21. Rc1 Qc5 22. b3 d5 23. Qf3 dxe4 24. Qxe4 Bd5 25. Qe2 Bc6 26. Qg4 Rfe8 27. Rxe8+ Rxe8 28. Bh6 g6 29. Qf4 Qe5 30. Qxe5 Rxe5 31. Rd1 Rd5 32. Bf4 f5 33. Re1 Kf7 34. Re5 Rd7 35. Kf1 b6 1/2-1/2

[Event "Barcelona Amateurs 04"]
[Site "Barcelona"]
[Date "2021.04.12"]
[Round "8"]
[White "Febrero Perez, Lluis"]
[Black "Sanchez Viana, Jordi"]
[Result "1-0"]
[WhiteElo "1386"]
[BlackElo "1566"]
[PlyCount "55"]
[EventDate "2021.04.05"]
[EventType "tourn"]
[EventRounds "9"]
[EventCountry "ESP"]
[SourceTitle "EXT 2022"]
[Source "ChessBase"]
[SourceDate "2021.10.06"]
[SourceVersion "1"]
[SourceVersionDate "2021.10.06"]
[SourceQuality "1"]

1. e4 c5 2. Nf3 d6 3. Bb5+ Nd7 4. 0-0 a6 5. Be2 Ngf6 6. d3 g6 7. Be3 Bg7 8. c3 0-0 9. Na3 b5 10. Nc2 Bb7 11. Nfe1 e5 12. f4 exf4 13. Bxf4 Ne5 14. Nf3 Qc7 15. Qd2 Rfe8 16. Bh6 Rad8 17. Nh4 c4 18. Bxg7 Kxg7 19. Qg5 Re6 20. Nd4 Rde8 21. Nxe6+ Rxe6 22. Nf5+ Kh8 23. Nd4 Qc5 24. Kh1 Nxd3 25. Qxc5 Nxc5 26. Nxe6 Nfxe4 27. Rxf7 Nxe6 28. Rxb7 1-0

[Event "Barcelona Amateurs-A 03"]
[Site "Barcelona"]
[Date "2021.03.18"]
[Round "4"]
[White "Costa Trave, Jaume"]
[Black "Sanchez Viana, Jordi"]
[Result "1-0"]
[WhiteElo "1643"]
[BlackElo "1527"]
[PlyCount "66"]
[EventDate "2021.03.15"]
[EventType "tourn"]
[EventRounds "9"]
[EventCountry "ESP"]
[SourceTitle "CBM 201 Extra"]
[Source "ChessBase"]
[SourceDate "2021.05.31"]
[SourceVersion "1"]
[SourceVersionDate "2021.05.31"]
[SourceQuality "1"]

1. e4 c5 2. d4 cxd4 3. c3 d3 4. Bxd3 d6 5. Nd2 Nf6 6. Nb3 e5 7. Ne2 Be7 8. h3 0-0 9. Be3 Be6 10. 0-0 a5 11. Ng3 a4 12. Nd2 a3 13. b3 d5 14. Qc2 Qc7 15. c4 d4 16. Bg5 Nc6 17. Rae1 Nb4 18. Qb1 Nxd3 19. Qxd3 h6 20. Bxf6 Bxf6 21. Nh5 Qe7 22. f4 exf4 23. Nxf4 Bg5 24. Nd5 Bxd5 25. exd5 Qb4 26. Nf3 Be3+ 27. Kh1 Rae8 28. Rd1 Qc3 29. Nxd4 Qb2 30. Nf5 Bg5 31. h4 Bf6 32. Rd2 Qe5 33. Rdf2 Bd8 1-0

[Event "Barcelona Amateurs-A 03"]
[Site "Barcelona"]
[Date "2021.03.17"]
[Round "3"]
[White "Sanchez Viana, Jordi"]
[Black "Valdes Martin, Roger"]
[Result "1-0"]
[WhiteElo "1527"]
[BlackElo "1700"]
[PlyCount "72"]
[EventDate "2021.03.15"]
[EventType "tourn"]
[EventRounds "9"]
[EventCountry "ESP"]
[SourceTitle "CBM 201 Extra"]
[Source "ChessBase"]
[SourceDate "2021.05.31"]
[SourceVersion "1"]
[SourceVersionDate "2021.05.31"]
[SourceQuality "1"]

1. e4 c5 2. d4 cxd4 3. c3 e6 4. Nf3 Nc6 5. cxd4 Nf6 6. e5 Bb4+ 7. Bd2 Nd5 8. Bc4 0-0 9. Bxd5 exd5 10. Bxb4 Nxb4 11. 0-0 Nc6 12. Nc3 d6 13. exd6 Qxd6 14. h3 b6 15. Rc1 Bd7 16. Nb5 Qf4 17. Re1 Rae8 18. Rxe8 Rxe8 19. Nc3 Nb4 20. Ne5 Bf5 21. Ne2 Qg5 22. Rc3 f6 23. Rg3 Qh5 24. Nf3 g5 25. Qd2 Kf7 26. Qxb4 Rxe2 27. Qb5 Re6 28. Qxd5 Be4 29. Qb3 Ke7 30. Qa3+ Kd7 31. Qxa7+ Kc6 32. d5+ Kxd5 33. Qa4 Bxf3 34. Rxf3 Re1+ 35. Kh2 Rc1 36. Qb5+ Rc5 1-0

[Event "Martorell op 37th C"]
[Site "Martorell"]
[Date "2019.09.28"]
[Round "3.2"]
[White "Marin Ripoll, Marti"]
[Black "Sanchez Viana, Jordi"]
[Result "0-1"]
[WhiteElo "1730"]
[BlackElo "1813"]
[PlyCount "96"]
[EventDate "2019.09.14"]
[EventType "swiss"]
[EventRounds "9"]
[EventCountry "ESP"]
[SourceTitle "EXT 2024"]
[Source "ChessBase"]
[SourceDate "2023.10.10"]
[SourceVersion "1"]
[SourceVersionDate "2023.10.10"]
[SourceQuality "1"]

1. e4 c5 2. c3 d6 3. d4 cxd4 4. cxd4 Nf6 5. Nc3 g6 6. Nf3 Bg7 7. Bc4 0-0 8. 0-0 Nc6 9. Bf4 Bg4 10. Be2 a6 11. h3 Bd7 12. d5 Na7 13. Be3 b5 14. b4 Nc8 15. a4 bxa4 16. e5 dxe5 17. Nxe5 Bb5 18. Nxb5 axb5 19. Nc6 Qxd5 20. Qxd5 Nxd5 21. Bd4 Nd6 22. Bf3 e6 23. Bxd5 exd5 24. Ne7+ Kh8 25. Bxg7+ Kxg7 26. Nxd5 Rac8 27. Rfd1 Nf5 28. Re1 Rfe8 29. Rxe8 Rxe8 30. Nc7 Rb8 31. Rc1 Nd6 32. Rc5 Rb7 33. Nd5 a3 34. Rc1 Nc4 35. Kf1 Rd7 36. Nc3 Nd2+ 37. Ke1 Nb3 38. Rb1 Nd4 39. Rc1 Rc7 40. Kd1 Rc4 41. Na2 Rxc1+ 42. Nxc1 Nc6 43. Na2 Kf6 44. Kd2 Ke5 45. Ke3 Kd5 46. Kd3 Ne5+ 47. Kc3 Nc4 48. f3 g5 0-1

[Event "Barcelona Sants op 21st"]
[Site "Barcelona"]
[Date "2019.08.27"]
[Round "5"]
[White "Salvador Gomez, Jesus Francisco"]
[Black "Sanchez Viana, Jordi"]
[Result "1/2-1/2"]
[WhiteElo "1639"]
[BlackElo "1535"]
[PlyCount "51"]
[EventDate "2019.08.23"]
[EventType "swiss"]
[EventRounds "10"]
[EventCountry "ESP"]
[SourceTitle "EXT 2020"]
[Source "ChessBase"]
[SourceDate "2019.10.17"]
[SourceVersion "1"]
[SourceVersionDate "2019.10.17"]
[SourceQuality "1"]

1. d4 d5 2. Nf3 Nf6 3. Bf4 Bf5 4. Nbd2 Nbd7 5. e3 e6 6. a3 Bd6 7. Bg3 Bxg3 8. hxg3 h6 9. c4 0-0 10. b4 Ne4 11. Nxe4 Bxe4 12. Nd2 Bg6 13. cxd5 exd5 14. Qb3 Nf6 15. Bd3 Bxd3 16. Qxd3 Re8 17. 0-0 Qd7 18. Rfe1 Qg4 19. Qb5 Qh5 20. Qxb7 Ng4 21. Nf3 Rad8 22. Qc6 Re6 23. Qxc7 Rde8 24. Qd7 R8e7 25. Qc8+ Re8 26. Qd7 1/2-1/2

[Event "Barcelona Sant Marti op-B 21st"]
[Site "Barcelona"]
[Date "2019.07.21"]
[Round "9"]
[White "Sanchez Viana, Jordi"]
[Black "Serentill Tost, Eduard"]
[Result "0-1"]
[WhiteElo "1503"]
[BlackElo "1714"]
[PlyCount "78"]
[EventDate "2019.07.13"]
[EventType "swiss"]
[EventRounds "9"]
[EventCountry "ESP"]
[SourceTitle "EXT 2020"]
[Source "ChessBase"]
[SourceDate "2019.10.17"]
[SourceVersion "1"]
[SourceVersionDate "2019.10.17"]
[SourceQuality "1"]

1. Nf3 Nf6 2. b3 d6 3. Bb2 e5 4. e3 g6 5. Be2 Bg7 6. 0-0 0-0 7. c4 c5 8. d3 Bg4 9. h3 Bd7 10. Nc3 a6 11. Nd2 b5 12. Bf3 Ra7 13. Nce4 Nxe4 14. Nxe4 Qc7 15. Rc1 Bc6 16. Ba1 b4 17. a3 bxa3 18. b4 cxb4 19. c5 Bxe4 20. Bxe4 dxc5 21. Qb3 Nd7 22. d4 exd4 23. exd4 Qf4 24. Rfe1 Bxd4 25. Bxd4 cxd4 26. Qxb4 Re8 27. Qxd4 Rc7 28. Rxc7 Qxc7 29. Rd1 Re7 30. Bf3 Qe5 31. Qa4 Qb5 32. Qxa3 Nc5 33. Rd8+ Kg7 34. Qc3+ f6 35. Bd5 Ne6 36. Bxe6 Rxe6 37. Qc7+ Kh6 38. Qf4+ Qg5 39. Qb4 Qc1+ 0-1

[Event "Barcelona Sant Marti op-B 21st"]
[Site "Barcelona"]
[Date "2019.07.17"]
[Round "5"]
[White "Minko, Aleksandr"]
[Black "Sanchez Viana, Jordi"]
[Result "0-1"]
[WhiteElo "1247"]
[BlackElo "1503"]
[PlyCount "118"]
[EventDate "2019.07.13"]
[EventType "swiss"]
[EventRounds "9"]
[EventCountry "ESP"]
[SourceTitle "EXT 2020"]
[Source "ChessBase"]
[SourceDate "2019.10.17"]
[SourceVersion "1"]
[SourceVersionDate "2019.10.17"]
[SourceQuality "1"]

1. e4 c5 2. Nf3 d6 3. d4 cxd4 4. Nxd4 Nf6 5. Nc3 a6 6. Be2 e5 7. Nb3 Be7 8. Be3 Be6 9. Qd2 Nc6 10. Bf3 0-0 11. 0-0-0 a5 12. Kb1 a4 13. Nc1 Bc4 14. N1e2 b5 15. g4 b4 16. Nd5 b3 17. cxb3 axb3 18. a3 Nxd5 19. exd5 Na5 20. Nc3 Ba6 21. Be2 Nc4 22. Bxc4 Bxc4 23. h4 Qc8 24. h5 Qxg4 25. Rdg1 Qf5+ 26. Ka1 Kh8 27. f4 Bf6 28. fxe5 Bxe5 29. Rg5 Bxc3 30. Qxc3 Qf6 31. Qxc4 Rxa3+ 32. Kb1 Ra2 33. Qxb3 Rfa8 34. Qxa2 Rxa2 35. Kxa2 Qf3 36. Re1 h6 37. Rgg1 Qxd5+ 38. Kb1 Qd3+ 39. Kc1 Qc4+ 40. Kd1 Qd3+ 41. Bd2 Qb1+ 42. Ke2 Qxb2 43. Rc1 Qe5+ 44. Kd1 Qxh5+ 45. Kc2 Qc5+ 46. Bc3 Qf2+ 47. Kb1 Qf5+ 48. Ka1 f6 49. Rcf1 Qd3 50. Bb2 Qa6+ 51. Kb1 Qd3+ 52. Kc1 Qe3+ 53. Kc2 d5 54. Rxf6 Qxg1 55. Rxh6+ Kg8 56. Rc6 Qg2+ 57. Kb1 Qe4+ 58. Rc2 d4 59. Kc1 Qe1# 0-1

[Event "Foment Martinenc op-B 21st"]
[Site "Barcelona"]
[Date "2019.06.22"]
[Round "9"]
[White "Munoz Prior, Marcelo"]
[Black "Sanchez Viana, Jordi"]
[Result "1-0"]
[WhiteElo "1427"]
[BlackElo "1542"]
[PlyCount "54"]
[EventDate "2019.04.27"]
[EventType "swiss"]
[EventRounds "9"]
[EventCountry "ESP"]
[SourceTitle "EXT 2020"]
[Source "ChessBase"]
[SourceDate "2019.10.17"]
[SourceVersion "1"]
[SourceVersionDate "2019.10.17"]
[SourceQuality "1"]

1. d4 d5 2. Nf3 Nf6 3. e3 Bf5 4. c4 c6 5. Qb3 Qb6 6. c5 Qxb3 7. axb3 Nbd7 8. Nc3 h6 9. b4 e6 10. b5 Be7 11. bxc6 bxc6 12. Ra6 Nb8 13. Ne5 Nxa6 14. Bxa6 Rb8 15. Nxc6 Rb3 16. f3 Nd7 17. Nxa7 0-0 18. Bb5 Nf6 19. Ba4 Rb7 20. Nc6 Bd8 21. b4 Nd7 22. Nxd8 Rxd8 23. c6 Rxb4 24. cxd7 Rc4 25. Kd2 e5 26. Bb5 Rb4 27. Ba3 Rb3 1-0

[Event "Foment Martinenc op-B 21st"]
[Site "Barcelona"]
[Date "2019.06.15"]
[Round "8"]
[White "Sanchez Viana, Jordi"]
[Black "Pinyol I Llora, Julia"]
[Result "1/2-1/2"]
[WhiteElo "1542"]
[BlackElo "1611"]
[PlyCount "69"]
[EventDate "2019.04.27"]
[EventType "swiss"]
[EventRounds "9"]
[EventCountry "ESP"]
[SourceTitle "EXT 2020"]
[Source "ChessBase"]
[SourceDate "2019.10.17"]
[SourceVersion "1"]
[SourceVersionDate "2019.10.17"]
[SourceQuality "1"]

1. e4 e6 2. d4 d5 3. e5 c5 4. c3 Nc6 5. Nf3 Qb6 6. a3 Nh6 7. Bd3 cxd4 8. cxd4 Bd7 9. Bc2 Ng8 10. 0-0 Be7 11. b4 f6 12. Nc3 fxe5 13. dxe5 Bd8 14. Na4 Qc7 15. Bf4 Nge7 16. Rc1 Qb8 17. Re1 0-0 18. Bg3 Nf5 19. Nc5 Bc8 20. Bxf5 Rxf5 21. Nd4 Nxd4 22. Qxd4 b6 23. Nd3 Ba6 24. Nf4 Bg5 25. Rc6 Bxf4 26. Bxf4 Qe8 27. Rc3 Bc4 28. Ree3 Qa4 29. g4 Rff8 30. Bg5 Rf7 31. Rf3 Raf8 32. Rxf7 Rxf7 33. h4 Qb5 34. h5 h6 35. Be3 1/2-1/2

[Event "Barcelona Sant Marti op-B 20th"]
[Site "Barcelona"]
[Date "2018.07.14"]
[Round "2"]
[White "Sanchez Viana, Jordi"]
[Black "Perez Garcia, Jose Miguel"]
[Result "0-1"]
[WhiteElo "1536"]
[BlackElo "1891"]
[PlyCount "54"]
[EventDate "2018.07.13"]
[EventType "swiss"]
[EventRounds "9"]
[EventCountry "ESP"]
[SourceTitle "EXT 2019"]
[Source "ChessBase"]
[SourceDate "2018.10.10"]
[SourceVersion "1"]
[SourceVersionDate "2018.10.10"]
[SourceQuality "1"]

1. e4 c5 2. d4 cxd4 3. c3 Nf6 4. e5 Nd5 5. cxd4 d6 6. Nf3 Nc6 7. Be2 Bg4 8. exd6 Qxd6 9. 0-0 Nf4 10. Bxf4 Qxf4 11. d5 0-0-0 12. Nc3 e6 13. Nd2 h5 14. g3 Qh6 15. dxc6 Rxd2 16. Qb3 b6 17. Ba6+ Kb8 18. c7+ Kxc7 19. Qc4+ Kd8 20. Qc8+ Ke7 21. Bb5 Bf3 22. Rfe1 h4 23. Qc7+ Kf6 24. Qe5+ Kg6 25. Qe3 Qxe3 26. Rxe3 Bb7 27. Bd3+ Kh6 0-1

[Event "Barcelona Sant Marti op-B 20th"]
[Site "Barcelona"]
[Date "2018.07.13"]
[Round "1"]
[White "Farre Buil, Carles"]
[Black "Sanchez Viana, Jordi"]
[Result "1/2-1/2"]
[WhiteElo "1855"]
[BlackElo "1536"]
[PlyCount "66"]
[EventDate "2018.07.13"]
[EventType "swiss"]
[EventRounds "9"]
[EventCountry "ESP"]
[SourceTitle "EXT 2019"]
[Source "ChessBase"]
[SourceDate "2018.10.10"]
[SourceVersion "1"]
[SourceVersionDate "2018.10.10"]
[SourceQuality "1"]

1. d4 d5 2. c4 c6 3. Nc3 Nf6 4. Bg5 e6 5. e3 Be7 6. Nf3 0-0 7. Qc2 Nbd7 8. cxd5 exd5 9. Bd3 h6 10. h4 Ng4 11. Bf4 Ndf6 12. h5 Bd6 13. g3 Re8 14. 0-0-0 Bb4 15. Rdf1 Qa5 16. Nd2 Bxc3 17. bxc3 c5 18. Kd1 c4 19. Be2 Bd7 20. Ke1 Ba4 21. Qb2 Qb6 22. Qc1 Bd7 23. Qc2 Qe6 24. Rfg1 Qf5 25. Qxf5 Bxf5 26. Nf1 Nxf2 27. Kxf2 Ne4+ 28. Ke1 Nxc3 29. Bf3 Rac8 30. Rh2 Rc6 31. Rb2 b5 32. g4 Bd3 33. Kd2 Na4 1/2-1/2

[Event "Barcelona Sant Marti op-B 18th"]
[Site "Barcelona"]
[Date "2016.07.18"]
[Round "6.43"]
[White "Sanchez Viana, Jordi"]
[Black "Gonzalez Moreno, Antoni"]
[Result "0-1"]
[WhiteElo "1599"]
[BlackElo "1822"]
[PlyCount "100"]
[EventDate "2016.07.13"]
[EventType "swiss"]
[EventRounds "9"]
[EventCountry "ESP"]
[SourceTitle "EXT 2024"]
[Source "ChessBase"]
[SourceDate "2023.10.10"]
[SourceVersion "1"]
[SourceVersionDate "2023.10.10"]
[SourceQuality "1"]

1. e4 c6 2. d3 d5 3. Nd2 e5 4. Ngf3 Bd6 5. Be2 Nf6 6. d4 Nbd7 7. dxe5 Nxe5 8. exd5 Nxd5 9. Ne4 Nxf3+ 10. Bxf3 Be7 11. 0-0 0-0 12. c4 Nf6 13. Ng3 Be6 14. b3 Qc7 15. Qc2 Rad8 16. Bb2 Rd7 17. Rad1 Rfd8 18. Nh5 Nxh5 19. Bxh5 Qa5 20. Qc3 Qg5 21. Qg3 Qxg3 22. hxg3 Rd2 23. Bc3 Rxa2 24. Rxd8+ Bxd8 25. Rd1 Be7 26. Bf3 f6 27. Ra1 Rxa1+ 28. Bxa1 Bf5 29. Bd1 Kf7 30. Bd4 b6 31. g4 Bb1 32. f4 f5 33. gxf5 Bxf5 34. Kf2 g5 35. fxg5 Bxg5 36. Be3 Kf6 37. Kf3 h5 38. Bd4+ Ke6 39. Kf2 h4 40. Kf3 Bf6 41. Bxf6 Kxf6 42. Kf4 b5 43. cxb5 cxb5 44. Ke3 Ke5 45. g4 hxg3 46. Kf3 Kd4 47. Be2 Bd3 48. Bd1 Kc3 49. Kxg3 Bc2 50. Be2 b4 0-1

[Event "Barcelona Sant Marti op-B 18th"]
[Site "Barcelona"]
[Date "2016.07.15"]
[Round "3.45"]
[White "Romero Funieles, Rafael de Jesus"]
[Black "Sanchez Viana, Jordi"]
[Result "0-1"]
[WhiteElo "1774"]
[BlackElo "1599"]
[PlyCount "92"]
[EventDate "2016.07.13"]
[EventType "swiss"]
[EventRounds "9"]
[EventCountry "ESP"]
[SourceTitle "EXT 2024"]
[Source "ChessBase"]
[SourceDate "2023.10.10"]
[SourceVersion "1"]
[SourceVersionDate "2023.10.10"]
[SourceQuality "1"]

1. e4 c5 2. c4 d6 3. h3 Nf6 4. Nc3 Nc6 5. d3 h6 6. a3 a5 7. Nf3 e6 8. Bd2 Be7 9. Nb5 0-0 10. Be2 e5 11. 0-0 Be6 12. Nh2 Qc8 13. Bg4 Nd4 14. Nxd4 cxd4 15. f4 Bxg4 16. hxg4 exf4 17. Bxf4 Nd7 18. Bd2 Ne5 19. Qe2 Qd8 20. b4 b6 21. Rf5 axb4 22. Bxb4 Nc6 23. Bd2 Ra4 24. Nf3 Bf6 25. g5 hxg5 26. Bxg5 Bxg5 27. Nxg5 g6 28. Raf1 Ne5 29. Ne6 fxe6 30. Rxf8+ Qxf8 31. Rxf8+ Kxf8 32. Qf2+ Ke7 33. Qxd4 Rxa3 34. Qb2 Rxd3 35. Qc2 Rd4 36. c5 bxc5 37. Qb3 c4 38. Qb7+ Kf6 39. Qb1 c3 40. Qf1+ Kg7 41. Kh2 Rc4 42. g4 Nxg4+ 43. Kg3 Ne5 44. Qd1 c2 45. Qxd6 Nf7 46. Qxe6 c1Q 0-1

[Event "Barcelona Sant Marti op-B 18th"]
[Site "Barcelona"]
[Date "2016.07.13"]
[Round "1.24"]
[White "Andreu Termes, Frederic"]
[Black "Sanchez Viana, Jordi"]
[Result "1-0"]
[WhiteElo "1870"]
[BlackElo "1599"]
[PlyCount "79"]
[EventDate "2016.07.13"]
[EventType "swiss"]
[EventRounds "9"]
[EventCountry "ESP"]
[SourceTitle "EXT 2024"]
[Source "ChessBase"]
[SourceDate "2023.10.10"]
[SourceVersion "1"]
[SourceVersionDate "2023.10.10"]
[SourceQuality "1"]

1. e4 c5 2. c4 d6 3. g3 Nf6 4. Bg2 Nc6 5. Nc3 Bg4 6. f3 Bd7 7. d3 h6 8. Nge2 e6 9. Be3 e5 10. Qd2 Be7 11. h3 Qc8 12. f4 exf4 13. Nxf4 Bd8 14. g4 Ne5 15. 0-0 Nfxg4 16. hxg4 Bxg4 17. Nb5 Be7 18. b3 a6 19. Nc3 h5 20. Nfd5 Bd8 21. d4 cxd4 22. Bxd4 0-0 23. Ne3 Bg5 24. Bxe5 dxe5 25. Qf2 Bh3 26. Nf5 Bg4 27. Nd5 Qd8 28. Nde3 Bxf5 29. Nxf5 g6 30. Rad1 Qa5 31. Rd5 Qc7 32. Ne3 Bf4 33. Rfd1 Qe7 34. Rd7 Qg5 35. Nd5 Bg3 36. Qf6 Qxf6 37. Nxf6+ Kg7 38. Nd5 b5 39. Nc7 Rac8 40. Ne6+ 1-0

[Event "Foment Martinenc op-B 17th"]
[Site "Barcelona"]
[Date "2015.05.23"]
[Round "5"]
[White "Sanchez Viana, Jordi"]
[Black "Mir Vinas, Pau Jose"]
[Result "1-0"]
[WhiteElo "1911"]
[BlackElo "1939"]
[PlyCount "45"]
[EventDate "2015.04.25"]
[EventType "swiss"]
[EventRounds "9"]
[EventCountry "ESP"]
[SourceTitle "EXT 2017"]
[Source "ChessBase"]
[SourceDate "2016.10.25"]
[SourceVersion "1"]
[SourceVersionDate "2016.10.25"]
[SourceQuality "1"]

1. e4 d5 2. exd5 Nf6 3. d4 g6 4. Bb5+ Nbd7 5. Nf3 Bg7 6. 0-0 0-0 7. c4 Nb6 8. Na3 Bg4 9. c5 Nbxd5 10. h3 Bxf3 11. Qxf3 c6 12. Be2 e5 13. dxe5 Nd7 14. Nc4 Nxe5 15. Qg3 Qe7 16. Bg5 f6 17. Bf4 Nxf4 18. Qxf4 Qxc5 19. Rac1 Rad8 20. Rfd1 f5 21. Nd6 Qxc1 22. Qxc1 Rd7 23. f4 1-0